LEADER 01256nas 22003973a 450 001 9910679475503321 005 20241221110558.0 035 $a(CKB)1000000000428280 035 $a(CONSER)--2008215217 035 $a(MiFhGG)0BTS 035 $a(EXLCZ)991000000000428280 100 $a20060523a19879999 --- a 101 0 $aeng 182 $cc$2rdamedia 183 $acr$2rdacarrier 200 00$aCPA client bulletin 210 $aNew York, N.Y. $cAmerican Institute of Certified Public Accountants 215 $a1 online resource 311 08$aPrint version: CPA client bulletin. (DLC) 2008215217 (OCoLC)69186913 1942-7271 517 3 $aCertified Public Accountant client bulletin 606 $aAccounting$vPeriodicals 606 $aTax planning$vPeriodicals 606 $aAccounting$2fast$3(OCoLC)fst00795379 606 $aTax planning$2fast$3(OCoLC)fst01143815 608 $aPeriodicals.$2fast 615 0$aAccounting 615 0$aTax planning 615 7$aAccounting. 615 7$aTax planning. 676 $a343 712 02$aAmerican Institute of Certified Public Accountants. 906 $aJOURNAL 912 $a9910679475503321 920 $aexl_impl conversion 996 $aCPA client bulletin$92352528 997 $aUNINA